Debarierizácia Bratislavy – krok 0.2

Enregistré dans:
Détails bibliographiques
Auteur principal: Kazičková, Alžbeta (Auteur)
Autres auteurs: Šebo, Tomáš (Directeur de thèse)
Format: Manuscrit Livre
Langue:slovaque
Publié: 2025
Sujets:
Accès en ligne:http://is.stuba.sk/zp/portal_zp.pl?podrobnosti=183699
Tags: Ajouter un tag
Pas de tags, Soyez le premier à ajouter un tag!

MARC

LEADER 00000ntm a22000003a 4500
001 stuzp104736
003 SK-STU
005 20250607210803.9
007 ta
008 150427s2015----xo-----f-mn---000-0-slo-d
040 |a STU  |b slo 
041 0 |a slo 
100 1 |a Kazičková, Alžbeta  |u 051110  |4 aut  |U FAD Fakulta architektúry a dizajnu  |T FAD Ústav architektúry obytných budov  |X 103778  |U A1110  |Y 392  |7 103778 
242 0 1 |a Debarrierization of Bratislava – step 0.2  |y eng 
245 1 0 |a Debarierizácia Bratislavy – krok 0.2 
260 |c 2025 
650 4 |a connecting  |2 eng 
650 4 |a bridging  |2 eng 
650 4 |a debarrierization  |2 eng 
650 4 |a multigenerational centre  |2 eng 
650 4 |a green park  |2 eng 
650 4 |a multigeneračné centrum  |2 slo 
650 4 |a zelený park  |2 slo 
650 4 |a prepájanie  |2 slo 
650 4 |a premostenie  |2 slo 
650 4 |a debarierizácia  |2 slo 
700 1 |a Šebo, Tomáš  |4 ths  |X 79065  |7 79065 
856 4 |u http://is.stuba.sk/zp/portal_zp.pl?podrobnosti=183699